[Event "Europe Echecs Blitz Nov op"]
[Site "Europe Echecs INT"]
[Date "2020.11.08"]
[Round "10"]
[White "Jobava, Baadur"]
[Black "Saglier, Paul"]
[Result "1-0"]
[WhiteElo "2603"]
[BlackElo "2168"]
[PlyCount "83"]
[EventDate "2020.11.08"]
[EventType "swiss (blitz)"]
[EventRounds "11"]
[EventCountry "FRA"]
[SourceTitle "CBM 199 Extra"]
[Source "ChessBase"]
[SourceDate "2021.01.31"]
[SourceVersion "1"]
[SourceVersionDate "2021.01.31"]
[SourceQuality "1"]

1. e4 e5 2. f4 Bc5 3. Nf3 d6 4. c3 Nf6 5. d4 exd4 6. cxd4 Bb6 7. Nc3 0-0 8. Be2 Re8 9. e5 dxe5 10. dxe5 Qxd1+ 11. Nxd1 Ne4 12. Be3 Nc6 13. a3 f6 14. exf6 Nxf6 15. Bxb6 axb6 16. Nc3 Bg4 17. 0-0 h6 18. Rad1 Rad8 19. h3 Be6 20. Kf2 Bf5 21. g4 Ne4+ 22. Nxe4 Bxe4 23. Rxd8 Rxd8 24. Rd1 Rxd1 25. Bxd1 Bxf3 26. Bxf3 Nd8 27. Ke3 Kf7 28. h4 Ke6 29. g5 Kf5 30. Bd1 Ne6 31. Bc2+ Kg4 32. f5 Nf4 33. f6 hxg5 34. fxg7 Nd5+ 35. Kd4 Nf6 36. hxg5 Kxg5 37. Bb3 Kf5 38. g8Q Nxg8 39. Bxg8 Kf6 40. Kd5 Ke7 41. Be6 c6+ 42. Ke5 1-0

[Event "Europe Echecs Blitz Nov op"]
[Site "Europe Echecs INT"]
[Date "2020.11.08"]
[Round "6"]
[White "Saglier, Paul"]
[Black "Aleksandrov, Aleksej"]
[Result "1-0"]
[WhiteElo "2168"]
[BlackElo "2574"]
[PlyCount "87"]
[EventDate "2020.11.08"]
[EventType "swiss (blitz)"]
[EventRounds "11"]
[EventCountry "FRA"]
[SourceTitle "CBM 199 Extra"]
[Source "ChessBase"]
[SourceDate "2021.01.31"]
[SourceVersion "1"]
[SourceVersionDate "2021.01.31"]
[SourceQuality "1"]

1. d4 Nf6 2. c4 e6 3. Nf3 d5 4. Nc3 Bb4 5. Qa4+ Nc6 6. cxd5 exd5 7. Bg5 h6 8. Bxf6 Qxf6 9. e3 0-0 10. Rc1 Qg6 11. h3 a6 12. Qd1 Re8 13. Bd3 Qd6 14. 0-0 Ne7 15. Qc2 c6 16. Ne5 Ba5 17. Ne2 g5 18. Ng3 f6 19. Ng6 Bc7 20. Nxe7+ Rxe7 21. Bf5 Bxf5 22. Qxf5 Kh8 23. Rfe1 Rg8 24. a3 Qe6 25. Qxe6 Rxe6 26. Nf5 Kh7 27. g4 Kg6 28. Kg2 h5 29. b4 Re4 30. f3 Re6 31. a4 Rh8 32. b5 axb5 33. axb5 hxg4 34. hxg4 Rh2+ 35. Kg1 Kf7 36. bxc6 bxc6 37. Rb1 Rh8 38. Rb7 Rc8 39. Ra1 c5 40. dxc5 Kf8 41. Raa7 Rc6 42. Nd4 Be5 43. Nxc6 Rxc6 44. Ra8+ 1-0

[Event "Paris BNP-Paribas blitz"]
[Site "Paris"]
[Date "2015.06.14"]
[Round "13"]
[White "Cahen, Alexis"]
[Black "Saglier, Paul"]
[Result "0-1"]
[WhiteElo "2047"]
[BlackElo "2090"]
[PlyCount "82"]
[EventDate "2015.06.12"]
[EventType "swiss (blitz)"]
[EventRounds "15"]
[EventCountry "FRA"]
[SourceTitle "CBM 167 Extra"]
[Source "ChessBase"]
[SourceDate "2015.09.14"]
[SourceVersion "1"]
[SourceVersionDate "2015.09.14"]
[SourceQuality "1"]

1. d4 Nf6 2. Nf3 e6 3. Bf4 b6 4. e3 Bb7 5. c4 Be7 6. Nc3 0-0 7. Bd3 d6 8. 0-0 c5 9. h3 a6 10. Rc1 Nbd7 11. Be2 Rc8 12. b3 Ne4 13. Qc2 Nxc3 14. Qxc3 Nf6 15. Nd2 d5 16. Bf3 cxd4 17. exd4 Ba3 18. Rb1 a5 19. Qe3 Qd7 20. Be5 Be7 21. Rfc1 Qd8 22. Be2 Nd7 23. Bg3 Re8 24. Nf3 Nf8 25. Bd3 Ng6 26. Ne5 Bg5 27. f4 Bf6 28. Ng4 dxc4 29. Nxf6+ Qxf6 30. Bxc4 Rcd8 31. Rd1 Bd5 32. Bb5 Rf8 33. Rbc1 h5 34. Bh2 Nh4 35. Bf1 Nf5 36. Qe5 Qe7 37. Bc4 f6 38. Qe2 Bxc4 39. Rxc4 Rd5 40. Kf1 Rfd8 41. Bg1 Ng3+ 0-1

[Event "Paris BNP-Paribas blitz"]
[Site "Paris"]
[Date "2015.06.14"]
[Round "15"]
[White "Collinet, Nicolas"]
[Black "Saglier, Paul"]
[Result "1/2-1/2"]
[WhiteElo "1801"]
[BlackElo "2090"]
[PlyCount "118"]
[EventDate "2015.06.12"]
[EventType "swiss (blitz)"]
[EventRounds "15"]
[EventCountry "FRA"]
[SourceTitle "CBM 167 Extra"]
[Source "ChessBase"]
[SourceDate "2015.09.14"]
[SourceVersion "1"]
[SourceVersionDate "2015.09.14"]
[SourceQuality "1"]

1. d4 Nf6 2. c4 e6 3. Nc3 Bb4 4. Bg5 h6 5. Bxf6 Qxf6 6. e3 0-0 7. Nf3 b6 8. Be2 Bb7 9. 0-0 Bxc3 10. bxc3 d6 11. Nd2 c5 12. Bf3 Qe7 13. Bxb7 Qxb7 14. Qf3 Nc6 15. Ne4 Qc7 16. Qg3 e5 17. Rfd1 f5 18. Nd2 cxd4 19. cxd4 exd4 20. exd4 Nxd4 21. Qd3 Nc6 22. Nf3 Rad8 23. a3 Ne5 24. Nxe5 dxe5 25. Qb3 Rc8 26. c5+ Kh8 27. cxb6 axb6 28. Rab1 Rfd8 29. Re1 Rb8 30. Qe6 Qc2 31. Rec1 Qe4 32. Re1 Re8 33. Qd6 Qd4 34. Qg6 Rf8 35. Red1 Qe4 36. Rxb6 Rbd8 37. Rbd6 Rxd6 38. Qxd6 Rc8 39. h3 Kh7 40. Qd3 Rc1 41. Qd2 Rxd1+ 42. Qxd1 f4 43. a4 Qc4 44. Kh2 Kg6 45. Qg4+ Kf6 46. Qd7 e4 47. Qd6+ Kf5 48. Qf8+ Kg6 49. Qxf4 Qxa4 50. f3 Qb5 51. Qxe4+ Kf7 52. Qf4+ Ke7 53. Qe4+ Kf7 54. Kg3 h5 55. Qf4+ Kg6 56. Qd6+ Kh7 57. Qd8 Qe5+ 58. Kf2 Qb2+ 59. Kg3 Qe5+ 1/2-1/2

[Event "Paris BNP-Paribas blitz"]
[Site "Paris"]
[Date "2015.06.13"]
[Round "8"]
[White "Guliyev, Namig"]
[Black "Saglier, Paul"]
[Result "1-0"]
[WhiteElo "2549"]
[BlackElo "2090"]
[PlyCount "121"]
[EventDate "2015.06.12"]
[EventType "swiss (blitz)"]
[EventRounds "15"]
[EventCountry "FRA"]
[SourceTitle "CBM 167 Extra"]
[Source "ChessBase"]
[SourceDate "2015.09.14"]
[SourceVersion "1"]
[SourceVersionDate "2015.09.14"]
[SourceQuality "1"]

1. e4 g6 2. d4 Bg7 3. Nf3 d6 4. Nc3 a6 5. a4 b6 6. Be2 Bb7 7. Be3 Nd7 8. 0-0 e6 9. Nd2 Ne7 10. f4 0-0 11. Bf3 d5 12. e5 c5 13. Ne2 Nf5 14. Bf2 cxd4 15. Nxd4 Nxd4 16. Bxd4 f6 17. exf6 Bxf6 18. Nb3 e5 19. fxe5 Bxe5 20. a5 b5 21. Qd2 Bf4 22. Be3 Bxe3+ 23. Qxe3 Re8 24. Qd2 Ne5 25. Rad1 Nxf3+ 26. Rxf3 d4 27. Rd3 Qf6 28. Rxd4 Rac8 29. Rf1 Qe5 30. c3 Qe2 31. Nc1 Qe3+ 32. Qxe3 Rxe3 33. Rd7 Bc6 34. Rd6 Bb7 35. Nd3 Be4 36. Nf2 Bf5 37. g4 Be6 38. Rfd1 Bc4 39. g5 Rf8 40. Rd8 Ref3 41. Rxf8+ Kxf8 42. Kg2 Re3 43. Rd2 Ke7 44. Ng4 Re4 45. Kg3 Re1 46. Nf6 Rg1+ 47. Kh4 Rh1 48. Nxh7 Be6 49. Nf6 Bf5 50. Nd5+ Kf7 51. Ne3 Be6 52. Ng4 Rg1 53. Ne5+ Kg7 54. Rd6 Bf5 55. Rxa6 Re1 56. Ra7+ Kf8 57. Ng4 Re4 58. h3 b4 59. cxb4 Rxb4 60. a6 Rxb2 61. Rb7 1-0

[Event "Paris BNP-Paribas blitz"]
[Site "Paris"]
[Date "2015.06.13"]
[Round "6"]
[White "Saglier, Paul"]
[Black "Bernard, Serge"]
[Result "1-0"]
[WhiteElo "2090"]
[BlackElo "2028"]
[PlyCount "58"]
[EventDate "2015.06.12"]
[EventType "swiss (blitz)"]
[EventRounds "15"]
[EventCountry "FRA"]
[SourceTitle "CBM 167 Extra"]
[Source "ChessBase"]
[SourceDate "2015.09.14"]
[SourceVersion "1"]
[SourceVersionDate "2015.09.14"]
[SourceQuality "1"]

1. c4 e5 2. g3 Nc6 3. Bg2 g6 4. Nc3 Bg7 5. Nf3 d6 6. d3 f5 7. 0-0 Nf6 8. Rb1 0-0 9. b4 h6 10. b5 Ne7 11. a4 Be6 12. Nd2 Rb8 13. a5 Qd7 14. Ba3 f4 15. Nde4 Bh3 16. Nxf6+ Bxf6 17. Ne4 Bxg2 18. Kxg2 g5 19. c5 d5 20. c6 Qf5 21. Nc3 e4 22. Bxe7 Bxe7 23. dxe4 dxe4 24. Qd5+ Qxd5 25. Nxd5 Bd6 26. f3 exf3+ 27. exf3 bxc6 28. bxc6 Kf7 29. Rb7 Rg8 1-0

[Event "Paris BNP-Paribas blitz"]
[Site "Paris"]
[Date "2015.06.13"]
[Round "9"]
[White "Saglier, Paul"]
[Black "Daurelle, Herve"]
[Result "0-1"]
[WhiteElo "2090"]
[BlackElo "2139"]
[PlyCount "40"]
[EventDate "2015.06.12"]
[EventType "swiss (blitz)"]
[EventRounds "15"]
[EventCountry "FRA"]
[SourceTitle "CBM 167 Extra"]
[Source "ChessBase"]
[SourceDate "2015.09.14"]
[SourceVersion "1"]
[SourceVersionDate "2015.09.14"]
[SourceQuality "1"]

1. c4 e6 2. Nc3 d5 3. d4 c5 4. cxd5 cxd4 5. Qxd4 Nc6 6. Qd3 exd5 7. Nf3 d4 8. Ne4 Nb4 9. Qb5+ Bd7 10. Qe5+ Be7 11. Qxg7 Nc2+ 12. Kd1 Nxa1 13. Qxh8 Qb6 14. Qxg8+ Bf8 15. Qg5 Ba4+ 16. b3 Bxb3+ 17. axb3 Qxb3+ 18. Ke1 Nc2+ 19. Kd2 Bb4+ 20. Kd1 Ne3# 0-1

[Event "FRA-chT2 Nord 0708"]
[Site "France"]
[Date "2008.04.05"]
[Round "10.6"]
[White "Saglier, Paul"]
[Black "Miotti, David"]
[Result "1-0"]
[WhiteElo "1910"]
[BlackElo "1480"]
[PlyCount "119"]
[EventDate "2007.10.21"]
[EventType "team"]
[EventRounds "11"]
[EventCountry "FRA"]
[SourceTitle "EXT 2009"]
[Source "ChessBase"]
[SourceDate "2008.11.26"]
[SourceVersion "1"]
[SourceVersionDate "2008.11.26"]
[SourceQuality "1"]
[WhiteTeam "Le Vesinet"]
[BlackTeam "Le Touquet"]
[WhiteTeamCountry "FRA"]
[BlackTeamCountry "FRA"]

1. Nf3 Nf6 2. d4 e6 3. c4 c5 4. g3 d5 5. cxd5 Nxd5 6. Bg2 Nd7 7. 0-0 Be7 8. e4 Nb4 9. a3 Na6 10. Nc3 0-0 11. Be3 Nc7 12. Qc2 cxd4 13. Nxd4 Bf6 14. Rfd1 Qe7 15. Ndb5 Nb6 16. Nxa7 Nc4 17. Nxc8 Rfxc8 18. e5 Bxe5 19. Bxb7 Nd5 20. Bxa8 Ncxe3 21. Nxd5 Rxc2 22. Nxe7+ Kf8 23. fxe3 Kxe7 24. a4 Rxb2 25. Rab1 Ra2 26. Bc6 f5 27. Bb5 Kf6 28. Re1 Bd6 29. Re2 Ra3 30. e4 g5 31. Rbe1 Bc5+ 32. Kh1 f4 33. e5+ Kf5 34. gxf4 gxf4 35. Rf1 Be3 36. Kg2 Kxe5 37. Rfe1 Ke4 38. Bc6+ Kf5 39. Rxe3 fxe3 40. Kf3 e2+ 41. Kf2 Rh3 42. Kg2 Re3 43. Bb5 e5 44. Rxe2 Ra3 45. Kf2 Kf4 46. Rb2 e4 47. Ke2 h5 48. Rc2 Ra1 49. Kd2 Kf3 50. Kc3 e3 51. Bc6+ Kf4 52. Kb4 Rb1+ 53. Kc5 Rd1 54. Bb5 Rd2 55. Rxd2 exd2 56. Be2 h4 57. a5 Ke3 58. Bd1 Kf2 59. a6 Ke1 60. Bh5 1-0

[Event "FRA-chT2 Nord 0708"]
[Site "France"]
[Date "2007.12.16"]
[Round "4.7"]
[White "Saglier, Paul"]
[Black "Mascla, Jean"]
[Result "1-0"]
[WhiteElo "1881"]
[BlackElo "2162"]
[PlyCount "119"]
[EventDate "2007.10.21"]
[EventType "team"]
[EventRounds "11"]
[EventCountry "FRA"]
[SourceTitle "EXT 2009"]
[Source "ChessBase"]
[SourceDate "2008.11.26"]
[SourceVersion "1"]
[SourceVersionDate "2008.11.26"]
[SourceQuality "1"]
[WhiteTeam "Le Vesinet"]
[BlackTeam "Rueil Malmaison"]
[WhiteTeamCountry "FRA"]
[BlackTeamCountry "FRA"]

1. Nf3 d5 2. d4 c5 3. g3 cxd4 4. Nxd4 e5 5. Nb3 Be6 6. Bg2 Nc6 7. 0-0 Be7 8. e4 Nf6 9. N1d2 0-0 10. exd5 Bxd5 11. Nf3 Qc7 12. c3 Rad8 13. Qe2 Nd7 14. Rd1 Nb6 15. Be3 f6 16. Bxb6 Qxb6 17. Rxd5 Rxd5 18. Ng5 fxg5 19. Bxd5+ Kh8 20. Re1 a5 21. Qe3 Qb5 22. Bxc6 Qxc6 23. Qxe5 Bd8 24. Nd4 Qb6 25. Qb5 Qf6 26. Qe2 Bb6 27. Qe3 h5 28. Re2 h4 29. Qe5 Qg6 30. Qe4 Qh5 31. g4 Qf7 32. Qf5 Qg8 33. Qxg5 Qxa2 34. Qxh4+ Kg8 35. Qe7 Qb1+ 36. Kg2 Qg6 37. Qe6+ Qxe6 38. Nxe6 Rc8 39. f4 a4 40. Rc2 Kf7 41. Ng5+ Kf6 42. Re2 Rc6 43. Ne4+ Ke6 44. Kf3 Kd5 45. Nd2 Bc7 46. h4 b5 47. Re3 Kc5 48. h5 b4 49. g5 b3 50. f5 Kd5 51. c4+ Kd4 52. f6 gxf6 53. g6 Rc5 54. h6 Rg5 55. Re4+ Kd3 56. Rg4 Kxd2 57. Rxg5 fxg5 58. g7 Kc2 59. g8Q Kxb2 60. Qg7+ 1-0

[Event "FRA-ch U16"]
[Site "Le Grand Bornand"]
[Date "2007.04.08"]
[Round "1"]
[White "Saglier, Paul"]
[Black "Demuth, Adrien"]
[Result "0-1"]
[WhiteElo "1894"]
[BlackElo "2174"]
[PlyCount "34"]
[EventDate "2007.04.07"]
[EventType "swiss"]
[EventRounds "9"]
[EventCountry "FRA"]
[SourceTitle "CBM 118 Extra"]
[Source "ChessBase"]
[SourceDate "2007.07.04"]
[SourceVersion "1"]
[SourceVersionDate "2007.07.04"]
[SourceQuality "1"]

1. e4 e5 2. Nf3 Nc6 3. Bb5 a6 4. Ba4 Nf6 5. 0-0 Be7 6. Re1 b5 7. Bb3 0-0 8. c3 d5 9. exd5 Nxd5 10. Nxe5 Nxe5 11. Rxe5 c6 12. d4 Bd6 13. Re1 Qh4 14. g3 Qh3 15. Re4 g5 16. Qd3 Bf5 17. f3 Bxg3 0-1